Seamos como los hongos : el arte y la enseñanza del micelio /

Tallennettuna:
Bibliografiset tiedot
Päätekijä: Ostendorf-Rodríguez, Yasmine (autor)
Muut tekijät: Torres, Helen (traducción y prólogo) (traducción y prólogo)
Aineistotyyppi: Kirja
Kieli:espanja
Julkaistu: Buenos Aires, Argentina : Caja Negra, 2025, c2025
Painos:1a edición, 1a reimpresión
Sarja:(Futuros Próximos ; 63)
Aiheet:
Tagit: Lisää tagi
Ei tageja, Lisää ensimmäinen tagi!

MARC

LEADER 00000nam^a2200000^a^4500
001 000628453
005 20260219000000.0
009 20260310134113.626
020 |a 978-987-8272-25-2 
037 |a Acervo ITESO - Biblioteca 
041 |a ESP 
082 |a 304. 2  |b OST 
100 |a Ostendorf-Rodríguez, Yasmine  |e (autor) 
245 1 0 |a Seamos como los hongos :  |b el arte y la enseñanza del micelio /  |c Y. Fisher Ostendorf-Rodríguez ; tr. y pról. de H. Torres. 
250 |a 1a edición, 1a reimpresión 
264 4 |a Buenos Aires, Argentina :  |b Caja Negra,  |c 2025, c2025 
300 |a 416 p. 
336 |a texto  |b txt  |2 rdacontenido 
337 |a sin mediación  |b n  |2 rdamedio 
338 |a volumen  |b nc  |2 rdasoporte 
440 1 |a (Futuros Próximos ;  |v 63) 
500 |a Traducción de: Let's Become Fungal!: Mycelium Teachings and the Arts: Based on Conversations with Indigenous Wisdom Keepers, Artists, Curators, Feminists, and Mycologists 
521 |a FIL 2025 DIA 
649 |a XX 
650 |a Hongos en el Arte -  |x Historia y Crítica 
650 |a Hongos -  |z Latinoamérica -  |x Aspectos Sociales y Culturales -  |x Tema Principal 
650 |a Hongos -  |x Aspectos Sociales y Culturales -  |x Tema Principal 
650 |a Arte Ambiental -  |x Historia y Crítica 
650 |a Prácticas Culturales -  |z Latinoamérica 
650 |a Desarrollo Sustentable 
650 |a Conservación y Protección Ambiental 
650 |a Ecología Social 
700 |a Torres, Helen  |e (traducción y prólogo) 
910 |a Fondo General 
920 |a Impresos - Libros 
930 |a Colección General 
905 |a 101 
901 |a 628453-10  |b IT1  |c ACC  |i C192653  |u 20260219 
902 |a https://opac.biblio.iteso.mx/vufind/Record/000628453